From seed to plant / (Record no. 2672)

MARC details
000 -LEADER
fixed length control field 00974pam a2200313 a 4500
005 - DATE AND TIME OF LATEST TRANSACTION
control field 20250819121919.0
020 ## - INTERNATIONAL STANDARD BOOK NUMBER
International Standard Book Number 0590638920
040 ## - CATALOGING SOURCE
Original cataloging agency DLC
Transcribing agency DLC
Modifying agency DLC
Language of cataloging eng
050 00 - LIBRARY OF CONGRESS CALL NUMBER
Classification number TX799.D46
Item number 1991
082 00 - DEWEY DECIMAL CLASSIFICATION NUMBER
Classification number 641.65677
100 1# - MAIN ENTRY--PERSONAL NAME
Personal name Gibbons, Gail
245 10 - TITLE STATEMENT
Title From seed to plant /
Statement of responsibility, etc. by Gail Gibbons
250 ## - EDITION STATEMENT
Edition statement First Scholastic printing, March 1999
260 ## - PUBLICATION, DISTRIBUTION, ETC.
Place of publication, distribution, etc. New York :
Name of publisher, distributor, etc. Scholastic ,
Date of publication, distribution, etc. 1991
300 ## - PHYSICAL DESCRIPTION
Extent 30 unnumbered pages :
Other physical details color illustrations ;
Dimensions 21 cm.
505 ## - FORMATTED CONTENTS NOTE
Formatted contents note N <br/>
520 ## - SUMMARY, ETC.
Summary, etc. Explores the intricate relationship between seeds and the plants which they produce.
521 ## - TARGET AUDIENCE NOTE
Target audience note 560 <br/>
Source Lexile <br/>
521 ## - TARGET AUDIENCE NOTE
Target audience note N <br/>
Source Raz-Plus <br/>
650 #0 - SUBJECT ADDED ENTRY--TOPICAL TERM
Topical term or geographic name entry element Seeds
General subdivision Juvenile literature.
650 #0 - SUBJECT ADDED ENTRY--TOPICAL TERM
Topical term or geographic name entry element Plants
General subdivision Juvenile literature.
650 #0 - SUBJECT ADDED ENTRY--TOPICAL TERM
Topical term or geographic name entry element Plants
General subdivision Development
-- Juvenile literature.
650 #1 - SUBJECT ADDED ENTRY--TOPICAL TERM
Topical term or geographic name entry element Seeds.
650 #1 - SUBJECT ADDED ENTRY--TOPICAL TERM
Topical term or geographic name entry element Germination.
650 #1 - SUBJECT ADDED ENTRY--TOPICAL TERM
Topical term or geographic name entry element Plants.
906 ## - LOCAL DATA ELEMENT F, LDF (RLIN)
a 7
b cbc
c orignew
d 1
e ocip
f 19
g y-gencatlg
942 ## - ADDED ENTRY ELEMENTS (KOHA)
Source of classification or shelving scheme Dewey Decimal Classification
Koha item type Books
Suppress in OPAC No
999 ## -
-- 2672
-- 2672
Holdings
Withdrawn status Lost status Source of classification or shelving scheme Damaged status Not for loan Collection Home library Current library Shelving location Date acquired Total Checkouts Full call number Barcode Date last seen Date last checked out Copy number Price effective from Koha item type
    Dewey Decimal Classification     Non-Fiction Footprints International School Library Network Toul Tom Poung Campus Footprints International School Library Network Toul Tom Poung Campus TTP Primary Yellow Bookshelves 01/09/2024 3 GIB 581.3 QK661.G53 FISBK01305 03/19/2024 03/12/2024 1 01/09/2024 Books
    Dewey Decimal Classification     Non-Fiction Footprints International School Library Network Toul Tom Poung Campus Footprints International School Library Network Toul Tom Poung Campus TTP Primary Yellow Bookshelves 01/09/2024 1 GIB 581.3 QK661.G53 2024-0091 03/19/2024 03/12/2024 2 01/09/2024 Books
    Dewey Decimal Classification     Non-Fiction Footprints International School Library Network Toul Tom Poung Campus Footprints International School Library Network Toul Tom Poung Campus TTP Primary Yellow Bookshelves 08/19/2025   GIB 581.3 QK661.G53 FIS04958 08/19/2025   3 08/19/2025 Books